Ľudsky kapitál ako kľúčový prvok úspechu a neúspechu rozvoja intelektuálnej zložky podniku

Teoretické vymedzenie problematiky intelektuálneho kapitálu. Podiel intelektuálneho kapitálu na tvorbe hodnoty firmy a na zvyšovaní jej konkurencieschopnosti. Analýza využívania intelektuálneho kapitálu v konkrétnom podniku KLM a. s. a následná komparácia výsledkov získaných zo zrealizovaného priesk...

Description complète

Enregistré dans:
Détails bibliographiques
Auteur principal: Gubová, Klaudia, 1986-
Autres auteurs: Kalusová, Lenka, 1987-
Format: Chapitre de livre
Langue:slovaque
Sujets:
Tags: Ajouter un tag
Pas de tags, Soyez le premier à ajouter un tag!

MARC

LEADER 00000nla a2200000 4500
001 0223658
005 20240502073648.4
041 0 |a slo 
044 |a SK 
245 1 0 |a Ľudsky kapitál ako kľúčový prvok úspechu a neúspechu rozvoja intelektuálnej zložky podniku  |c Klaudia Gubová, Lenka Kalusová 
520 |a Teoretické vymedzenie problematiky intelektuálneho kapitálu. Podiel intelektuálneho kapitálu na tvorbe hodnoty firmy a na zvyšovaní jej konkurencieschopnosti. Analýza využívania intelektuálneho kapitálu v konkrétnom podniku KLM a. s. a následná komparácia výsledkov získaných zo zrealizovaného prieskumu v rámci výrobných podnikov na Slovensku. 
610 2 0 |a kapitál intelektuálny 
610 2 0 |a kapitál ľudský 
610 2 0 |a vedomosti 
610 2 0 |a vzdelávanie 
610 2 0 |a zamestnanci 
610 2 0 |a systémy informačné organizácií 
610 2 0 |a prieskum 
100 1 |a Gubová, Klaudia, 1986- 
700 1 |a Kalusová, Lenka, 1987-